[Event "BL 8990 Hofheim-Delmenhorst"]
[Site "?"]
[Date "1989.??.??"]
[Round "?.5"]
[White "Wesseln, K."]
[Black "Zude, E."]
[Result "1-0"]
[WhiteElo "2315"]
[BlackElo "2325"]
[PlyCount "51"]
[EventDate "1989.??.??"]

1. d4 Nf6 2. c4 g6 3. Nc3 Bg7 4. e4 d6 5. f4 O-O 6. Nf3 c5 7. d5 e6 8. dxe6
Bxe6 9. Bd3 Nc6 10. f5 Bd7 11. O-O Nd4 12. Bg5 Bc6 13. Nxd4 cxd4 14. Nd5 Bxd5
15. exd5 Qb6 16. Qf3 Rae8 17. Rae1 Qd8 18. Qh3 Rxe1 19. Rxe1 Re8 20. Rf1 b6 21.
Qh4 Rf8 22. h3 Qe7 23. Re1 Qd8 24. Kh1 Kh8 25. fxg6 fxg6 26. Bxg6 1-0

[Event "BL 8990 Hofheim-Delmenhorst"]
[Site "?"]
[Date "1989.??.??"]
[Round "?.7"]
[White "Derikum, A."]
[Black "Huisl, W."]
[Result "1/2-1/2"]
[WhiteElo "2285"]
[BlackElo "2335"]
[PlyCount "129"]
[EventDate "1989.??.??"]

1. c4 f5 2. Nf3 Nf6 3. g3 d6 4. Nc3 e5 5. d3 Be7 6. Bg2 O-O 7. O-O a5 8. Rb1
Qe8 9. c5 Kh8 10. cxd6 Bxd6 11. e4 Nc6 12. Nd2 Qg6 13. Nc4 Be6 14. Nxd6 cxd6
15. b3 Rad8 16. Be3 d5 17. exd5 Nxd5 18. Nxd5 Bxd5 19. Bb6 Bxg2 20. Kxg2 Rd5
21. Qf3 Qd6 22. Rbc1 Nb4 23. Bc7 Qd7 24. Qe3 Nxd3 25. Rc3 f4 26. Qa7 f3+ 27.
Kh1 Qh3 28. Rg1 Nf4 29. Rxf3 Rd1 30. Rxf4 Rxg1+ 31. Kxg1 exf4 32. Bxf4 Rd8 33.
Bd2 Qd7 34. Bxa5 Qd1+ 35. Kg2 Qd5+ 36. Kg1 Qd1+ 37. Kg2 Qd5+ 38. Kg1 Rc8 39.
Be1 h6 40. Qe3 Rc2 41. a3 Rb2 42. b4 Rb3 43. Qe8+ Kh7 44. a4 Qf3 45. Qe5 Ra3
46. Qb2 Qd3 47. a5 Rb3 48. Qd2 Qe4 49. h4 Rd3 50. Qc1 Qe2 51. Qb1 Kh8 52. Qc1
Kh7 53. Qb1 Kh8 54. Qc1 Qd1 55. Qc8+ Kh7 56. Qf5+ Kg8 57. Qc8+ Kf7 58. Qf5+ Ke7
59. Qc5+ Ke6 60. Qc8+ Kf7 61. Qf5+ Ke7 62. Qc5+ Kf6 63. Qf8+ Kg6 64. h5+ Kxh5
65. Qf5+ 1/2-1/2

[Event "BL 8990 Kirchheim-Koblenz"]
[Site "?"]
[Date "1989.??.??"]
[Round "?.2"]
[White "Graf, J."]
[Black "Braga, F."]
[Result "0-1"]
[WhiteElo "2425"]
[BlackElo "2470"]
[PlyCount "32"]
[EventDate "1989.??.??"]

1. c4 e5 2. Nc3 Nf6 3. g3 Bc5 4. Bg2 Nc6 5. e3 d5 6. Nxd5 Nxd5 7. cxd5 Nb4 8.
a3 Nd3+ 9. Ke2 Bg4+ 10. f3 Qxd5 11. Qc2 O-O-O 12. Nh3 Rhe8 13. b4 Bb6 14. Rb1
Re6 15. Rg1 Bf5 16. g4 Nxc1+ 0-1

[Event "BL 8990 Kirchheim-Koblenz"]
[Site "?"]
[Date "1989.??.??"]
[Round "?.3"]
[White "Seul, G."]
[Black "Gschnitzer, O."]
[Result "1/2-1/2"]
[WhiteElo "2355"]
[BlackElo "2405"]
[PlyCount "75"]
[EventDate "1989.??.??"]

1. d4 Nf6 2. Nf3 c5 3. d5 e6 4. Nc3 exd5 5. Nxd5 Nxd5 6. Qxd5 Be7 7. e4 Nc6 8.
Bc4 O-O 9. O-O d6 10. Qh5 Be6 11. Bxe6 fxe6 12. Bg5 Nd4 13. Nxd4 cxd4 14. Bxe7
Qxe7 15. Rad1 e5 16. c3 dxc3 17. bxc3 Rac8 18. Rd3 Rc6 19. Rfd1 Rfc8 20. Qe2
Ra6 21. g3 Rcc6 22. R1d2 h6 23. Qd1 Qe6 24. Kg2 Qc4 25. Rxd6 Rxd6 26. Rxd6
Qxe4+ 27. Kg1 Ra3 28. Rd3 Qc4 29. Rd8+ Kh7 30. Qc2+ e4 31. Rd4 Qc6 32. c4 a6
33. c5 Qe6 34. Qxe4+ Qxe4 35. Rxe4 Rxa2 36. Rb4 Rc2 37. Rxb7 Rxc5 38. Ra7
1/2-1/2

[Event "BL 8990 Kirchheim-Koblenz"]
[Site "?"]
[Date "1989.??.??"]
[Round "?.4"]
[White "Mueller, O."]
[Black "Schulz, KJ."]
[Result "1-0"]
[WhiteElo "2355"]
[BlackElo "2350"]
[PlyCount "109"]
[EventDate "1989.??.??"]

1. e4 c5 2. Nf3 e6 3. d4 cxd4 4. Nxd4 Nc6 5. Nb5 d6 6. c4 Nf6 7. N1c3 a6 8. Na3
b6 9. Be3 Be7 10. Be2 O-O 11. O-O Bb7 12. Qb3 Nd7 13. Rfd1 Nc5 14. Qc2 Rc8 15.
Qd2 Qc7 16. Rac1 Ne5 17. f3 Rfd8 18. Bf1 Ncd7 19. Qf2 Rb8 20. Nd5 exd5 21. cxd5
Nc5 22. b4 Bc8 23. h3 Bd7 24. f4 Ng6 25. e5 dxe5 26. bxc5 bxc5 27. Bxc5 Bxc5
28. Rxc5 Qb7 29. fxe5 Nxe5 30. d6 Re8 31. Nc4 Nc6 32. Be2 Qb4 33. Bf3 Nd8 34.
Rc7 Be6 35. Ne5 Qa5 36. Nd7 Rb5 37. Nc5 Bxa2 38. Rc8 Be6 39. Nxe6 fxe6 40. Bc6
Rf8 41. Bf3 Qb4 42. Qe3 Rb6 43. Rd4 Qb1+ 44. Rd1 Qb4 45. Rd4 Qb2 46. Be4 Kh8
47. Bd3 Rb4 48. Bc4 h6 49. Kh2 a5 50. Rf4 Rg8 51. Rf2 Qb1 52. Bd3 Rb3 53. Rf3
Qa1 54. Rc7 a4 55. Qxh6+ 1-0

[Event "BL 8990 Kirchheim-Koblenz"]
[Site "?"]
[Date "1989.??.??"]
[Round "?.5"]
[White "Bayer, E."]
[Black "Vonthron, H."]
[Result "0-1"]
[WhiteElo "2355"]
[BlackElo "2385"]
[PlyCount "210"]
[EventDate "1989.??.??"]

1. d4 Nf6 2. Nf3 d6 3. c4 c6 4. g3 Bg4 5. Bg2 e6 6. Nc3 Be7 7. d5 O-O 8. Qb3
Nbd7 9. dxc6 Bxf3 10. Bxf3 bxc6 11. O-O Ne5 12. Bg2 Qa5 13. Qb7 Nfd7 14. b4 Qb6
15. Qxb6 Nxb6 16. Rb1 Rac8 17. c5 dxc5 18. bxc5 Bxc5 19. Ne4 Be7 20. Bf4 Nec4
21. Rfd1 e5 22. Bc1 Rfd8 23. Rd3 f5 24. Nd2 e4 25. Rxd8+ Rxd8 26. Nxc4 Rd1+ 27.
Bf1 Nxc4 28. Rb8+ Kf7 29. Be3 g5 30. Rb7 Nxe3 31. fxe3 g4 32. Rxa7 h5 33. Rc7
c5 34. Rc6 Ra1 35. Kf2 Rxa2 36. Rh6 Bf6 37. h3 Ra3 38. Rxh5 Kg6 39. hxg4 Bg5
40. Rh8 Bxe3+ 41. Kg2 fxg4 42. Rf8 Ra1 43. Rg8+ Kf5 44. Rf8+ Ke5 45. Re8+ Kd4
46. Rd8+ Kc3 47. Re8 Ra4 48. Kh2 Kd2 49. Bg2 Rd4 50. Bxe4 c4 51. Bf5 c3 52. Kg2
Rd5 53. Be4 Bc5 54. Rg8 Rd4 55. Bf5 c2 56. Bxc2 Kxc2 57. Rc8 Rc4 58. Kf1 Kd2
59. Rd8+ Rd4 60. Re8 Rc4 61. Re5 Bb6 62. Rb5 Bc7 63. Kf2 Kc3 64. Kg2 Bd6 65.
Rg5 Re4 66. Kf2 Be5 67. Rg8 Kc4 68. Rc8+ Kd5 69. Rd8+ Ke6 70. Rg8 Kf5 71. Rf8+
Kg6 72. Rg8+ Kh5 73. Rd8 Bf6 74. Rd6 Kg6 75. Ra6 Rc4 76. Ra8 Rc3 77. Re8 Bd4+
78. e3 Rc2+ 79. Kf1 Bf6 80. Re4 Kg5 81. Re8 Rc4 82. Ke2 Kf5 83. Rg8 Re4 84. Kd3
Re6 85. Rf8 Rd6+ 86. Ke2 Rd8 87. Rf7 Kg6 88. Rb7 Be5 89. Rb4 Kf5 90. Rb5 Ra8
91. Kd3 Ra3+ 92. Ke2 Ra2+ 93. Kd3 Ra3+ 94. Ke2 Ra1 95. Kd3 Rd1+ 96. Ke2 Rg1 97.
Kf2 Rh1 98. Ke2 Rh3 99. Kd3 Rxg3 100. Rb7 Rf3 101. Re7 g3 102. Re8 g2 103. Rf8+
Bf6 104. Rg8 Bg5 105. Rf8+ Kg4 0-1

[Event "BL 8990 Kirchheim-Koblenz"]
[Site "?"]
[Date "1989.??.??"]
[Round "?.7"]
[White "Doncevic, D."]
[Black "Biebinger, G."]
[Result "1-0"]
[WhiteElo "2335"]
[BlackElo "2290"]
[PlyCount "83"]
[EventDate "1989.??.??"]

1. e4 e6 2. d4 d5 3. Nd2 Nf6 4. e5 Nfd7 5. c3 c5 6. Bd3 Nc6 7. Ne2 cxd4 8. cxd4
Nb6 9. O-O a5 10. Nf3 Bd7 11. Bg5 Qb8 12. Nc3 h6 13. Be3 Be7 14. Rc1 Nb4 15.
Bb1 Nc4 16. Qe2 a4 17. Ne1 b5 18. Rd1 Qb6 19. Bc1 g6 20. Qg4 Nc6 21. Nf3 a3 22.
b3 Nb2 23. Rde1 g5 24. Qh5 O-O-O 25. Be3 Rdf8 26. Rc1 Kb7 27. Qh3 Rd8 28. Ne2
Rdg8 29. Ne1 Nb4 30. Qf3 Rf8 31. Ng3 f5 32. exf6 Rxf6 33. Qe2 Bd6 34. Nf3 Nc6
35. Ne5 Be8 36. Nh5 Rff8 37. Qg4 Nd8 38. Ng7 Rf6 39. Nxe8 Rxe8 40. Nd7 Qa5 41.
Nxf6 Rf8 42. Nd7 1-0

[Event "BL 8990 Kirchheim-Koblenz"]
[Site "?"]
[Date "1989.??.??"]
[Round "?.8"]
[White "Messmer, M."]
[Black "Schlick, V."]
[Result "1-0"]
[WhiteElo "2290"]
[BlackElo "2295"]
[PlyCount "125"]
[EventDate "1989.??.??"]

1. Nf3 c5 2. c4 g6 3. g3 Bg7 4. Bg2 Nc6 5. O-O d6 6. Nc3 Bd7 7. a3 h5 8. Rb1 a5
9. d3 Nh6 10. Bd2 Nf5 11. h4 O-O 12. b3 Rb8 13. Nb5 Ne5 14. Nxe5 Bxe5 15. Bc3
Bxb5 16. Bxe5 dxe5 17. cxb5 Nd4 18. a4 Qd6 19. e3 Ne6 20. Qe2 b6 21. Rbd1 Rbd8
22. Qf3 Ng7 23. Qc6 Qe6 24. Qxe6 Nxe6 25. f4 exf4 26. gxf4 Ng7 27. Be4 Rd6 28.
Kf2 Rfd8 29. Ke2 e6 30. Rd2 Kf8 31. Rc1 Ne8 32. Bf3 Nf6 33. e4 Rd4 34. Rc4 Ke7
35. e5 Ng8 36. Be4 Nh6 37. Rdc2 f5 38. exf6+ Kxf6 39. Rxd4 Rxd4 40. Rc4 Rd8 41.
Rc1 Nf5 42. Bxf5 gxf5 43. Rg1 Rd4 44. Ke3 e5 45. fxe5+ Kxe5 46. Rg6 f4+ 47. Kd2
Rd6 48. Rg5+ Kd4 49. Rf5 Rg6 50. Rxf4+ Ke5 51. Rf8 Rg4 52. Rb8 Kd4 53. Rd8+ Ke5
54. Rb8 Rg6 55. Kc3 Kf4 56. Rc8 Kg4 57. Rc6 Rg8 58. Rxb6 Kxh4 59. Ra6 Kg3 60.
Rxa5 h4 61. b6 h3 62. Rxc5 Rh8 63. Kb4 1-0

[Event "BL 8990 Sindelfingen-Porz"]
[Site "?"]
[Date "1989.??.??"]
[Round "?.1"]
[White "Hort, V."]
[Black "Darga, K."]
[Result "1-0"]
[WhiteElo "2570"]
[BlackElo "2470"]
[PlyCount "79"]
[EventDate "1989.??.??"]

1. c4 c5 2. Nf3 Nc6 3. d4 cxd4 4. Nxd4 g6 5. e4 Nf6 6. Nc3 Nxd4 7. Qxd4 d6 8.
Bg5 Bg7 9. Be2 O-O 10. O-O Bd7 11. Rfd1 Bc6 12. Qe3 Re8 13. a3 Nd7 14. Bh6 Bh8
15. b4 Qb6 16. Qd2 Nf6 17. Be3 Qc7 18. f3 b6 19. Bd4 Rac8 20. a4 Nd7 21. a5
Bxd4+ 22. Qxd4 Rb8 23. axb6 axb6 24. Nd5 Bxd5 25. cxd5 Nf6 26. Rdc1 Qd8 27. Bb5
Rf8 28. Ra7 Rc8 29. Bc6 e5 30. Qe3 Nh5 31. g3 Rc7 32. Ra8 Qf6 33. Rca1 Rxa8 34.
Rxa8+ Kg7 35. b5 Re7 36. Ra6 Nf4 37. gxf4 exf4 38. Qf2 Re5 39. Kh1 Rg5 40. Bd7
1-0

[Event "BL 8990 Sindelfingen-Porz"]
[Site "?"]
[Date "1989.??.??"]
[Round "?.2"]
[White "Mohr, S."]
[Black "Christiansen, L."]
[Result "0-1"]
[WhiteElo "2485"]
[BlackElo "2555"]
[PlyCount "44"]
[EventDate "1989.??.??"]

1. d4 Nf6 2. c4 e6 3. Nc3 Bb4 4. Qc2 O-O 5. a3 Bxc3+ 6. Qxc3 b5 7. cxb5 c6 8.
f3 Nd5 9. Qd2 f5 10. Nh3 cxb5 11. e3 Nc6 12. Bxb5 Na5 13. Qd3 Rb8 14. b4 Rxb5
15. bxa5 Ba6 16. Bd2 Rb6 17. Qc2 Rc6 18. Qd1 Qh4+ 19. Nf2 Qg5 20. g3 Nxe3 21.
Nh3 Qh6 22. Qb3 Ng2+ 0-1

[Event "BL 8990 Sindelfingen-Porz"]
[Site "?"]
[Date "1989.??.??"]
[Round "?.3"]
[White "Fleck, J."]
[Black "Rajkovic, D."]
[Result "0-1"]
[WhiteElo "2415"]
[BlackElo "2465"]
[PlyCount "80"]
[EventDate "1989.??.??"]

1. e4 c5 2. Nf3 Nc6 3. d4 cxd4 4. Nxd4 Qc7 5. Nc3 e6 6. Be2 a6 7. f4 b5 8. Nxc6
Qxc6 9. Bf3 Bb7 10. Be3 Qc7 11. O-O Rc8 12. Qd3 Bc5 13. Rad1 Bxe3+ 14. Qxe3 Ne7
15. Rd2 O-O 16. Ne2 d5 17. Nd4 dxe4 18. Bxe4 Bxe4 19. Qxe4 Qa5 20. c3 Qxa2 21.
f5 Nxf5 22. Nxf5 exf5 23. Qxf5 Rxc3 24. Rfd1 Re3 25. Rd8 Re1+ 26. Rxe1 Rxd8 27.
Qd7 Rf8 28. b4 g6 29. h3 Qc4 30. Qd6 Qc3 31. Re4 a5 32. bxa5 Qxa5 33. Kh2 Qa7
34. Qb4 Qc7+ 35. Kg1 Rb8 36. h4 h5 37. Rf4 Ra8 38. Rf1 Qc4 39. Qe7 b4 40. Rb1
b3 0-1

[Event "BL 8990 Sindelfingen-Porz"]
[Site "?"]
[Date "1989.??.??"]
[Round "?.5"]
[White "Schoen, W."]
[Black "Kraut, R."]
[Result "1/2-1/2"]
[WhiteElo "2360"]
[BlackElo "2380"]
[PlyCount "34"]
[EventDate "1989.??.??"]

1. d4 d5 2. c4 dxc4 3. Nf3 Nf6 4. e3 Bg4 5. Bxc4 e6 6. h3 Bh5 7. O-O Nbd7 8.
Nc3 Bd6 9. e4 e5 10. g4 Bg6 11. dxe5 Nxe5 12. Nxe5 Bxe5 13. f4 Qd4+ 14. Qxd4
Bxd4+ 15. Kh2 Bxc3 16. bxc3 Bxe4 17. g5 Bd5 1/2-1/2

[Event "BL 8990 Sindelfingen-Porz"]
[Site "?"]
[Date "1989.??.??"]
[Round "?.6"]
[White "Werner, Marc"]
[Black "Ostermeyer, P."]
[Result "1-0"]
[WhiteElo "2360"]
[BlackElo "2465"]
[PlyCount "129"]
[EventDate "1989.??.??"]

1. e4 c5 2. Nf3 d6 3. d4 Nf6 4. Nc3 cxd4 5. Nxd4 a6 6. Be3 e5 7. Nf3 Be7 8. Bc4
O-O 9. Qe2 Nc6 10. O-O b5 11. Bb3 Be6 12. Rfd1 Qc7 13. Nd5 Bxd5 14. Bxd5 Nxd5
15. Rxd5 Rfc8 16. c3 Na5 17. Bg5 Nc4 18. Bxe7 Qxe7 19. Rad1 Rc6 20. Ne1 Nb6 21.
R5d3 Na4 22. g3 g6 23. Ng2 Qe6 24. Rd5 Rac8 25. Ne3 Kg7 26. R1d2 h5 27. Kg2 h4
28. Qg4 Qxg4 29. Nxg4 hxg3 30. hxg3 Nc5 31. Rxd6 Nxe4 32. Rxc6 Rxc6 33. Re2 f5
34. Nxe5 Rd6 35. Nf3 Rd1 36. a3 Kf6 37. Nd4 Nc5 38. f3 Na4 39. Re6+ Kg5 40.
Rxa6 Nxb2 41. Ne6+ Kf6 42. Nf4+ Kf7 43. Nxg6 Nd3 44. f4 Rc1 45. Rc6 Ra1 46. Nh4
Ra2+ 47. Kf1 Rxa3 48. Nxf5 b4 49. cxb4 Nxb4 50. Rd6 Ra5 51. Ne3 Ra2 52. g4 Nc2
53. Nxc2 Rxc2 54. Rd3 Kf6 55. Rf3 Rb2 56. Rf2 Rb3 57. Kg2 Rb4 58. Kg3 Rb1 59.
Ra2 Rg1+ 60. Kf3 Rf1+ 61. Ke3 Re1+ 62. Kf2 Rb1 63. Ra6+ Kf7 64. Kg3 Rf1 65. f5
1-0

[Event "BL 8990 Sindelfingen-Porz"]
[Site "?"]
[Date "1989.??.??"]
[Round "?.7"]
[White "Jackelen, T."]
[Black "Bialas, W."]
[Result "1/2-1/2"]
[WhiteElo "2355"]
[BlackElo "2370"]
[PlyCount "94"]
[EventDate "1989.??.??"]

1. Nf3 d5 2. c4 e6 3. g3 Nf6 4. Bg2 dxc4 5. Qa4+ Nbd7 6. Qxc4 c5 7. Qb3 Rb8 8.
d3 Bd6 9. Nfd2 Bc7 10. a4 b6 11. Nc4 O-O 12. O-O a6 13. Nc3 Ne5 14. Be3 Nfg4
15. Nxe5 Bxe5 16. Bd2 Qe7 17. Ne4 Rd8 18. Bc3 Bc7 19. Qa3 e5 20. a5 Nf6 21.
axb6 Bxb6 22. Nd2 Nd5 23. Nc4 Bc7 24. Rac1 Nb4 25. Rfe1 h6 26. Qa1 Nd5 27. Na5
Qe6 28. Bd2 Rb5 29. Nc4 Bb7 30. Na3 Ba5 31. Red1 Bxd2 32. Rxd2 Ra5 33. Rdc2 Qe7
34. Rc4 Nb6 35. R4c2 Bxg2 36. Kxg2 e4 37. dxe4 Qxe4+ 38. Kg1 Rd5 39. Qa2 c4 40.
Qb1 Rh5 41. Rd2 Qxb1 42. Rxb1 Rhd5 43. Rc2 Rdc5 44. Rbc1 Ra4 45. e4 c3 46. Rxc3
Rxc3 47. Rxc3 Rxe4 1/2-1/2

[Event "BL 8990 Koblenz-Sindelfingen"]
[Site "?"]
[Date "1989.??.??"]
[Round "?.1"]
[White "Darga, K."]
[Black "Garcia Palermo, C."]
[Result "1/2-1/2"]
[WhiteElo "2470"]
[BlackElo "2465"]
[PlyCount "43"]
[EventDate "1989.??.??"]

1. Nf3 d5 2. c4 dxc4 3. e3 e6 4. Bxc4 Nf6 5. O-O c5 6. d4 a6 7. a4 Nc6 8. Qe2
cxd4 9. Rd1 Be7 10. exd4 O-O 11. Nc3 Nd5 12. Bd3 Ncb4 13. Bb1 b6 14. Ne5 Bb7
15. Be4 Rc8 16. Bd2 a5 17. Rac1 Ba6 18. Qf3 Nf6 19. Bb1 Nfd5 20. Be4 Nf6 21.
Bb1 Nfd5 22. Be4 1/2-1/2

[Event "BL 8990 Koblenz-Sindelfingen"]
[Site "?"]
[Date "1989.??.??"]
[Round "?.2"]
[White "Braga, F."]
[Black "Mohr, S."]
[Result "1-0"]
[WhiteElo "2470"]
[BlackElo "2485"]
[PlyCount "97"]
[EventDate "1989.??.??"]

1. e4 g6 2. d4 Bg7 3. Nf3 d6 4. h3 Nf6 5. Nc3 O-O 6. Bg5 c6 7. a4 Nbd7 8. Qd2
Qc7 9. Be2 e5 10. Rd1 Re8 11. dxe5 dxe5 12. Be3 Bf8 13. Bc4 Nc5 14. Ng5 Ne6 15.
O-O Bb4 16. Qe2 Bxc3 17. bxc3 Nxg5 18. Bxg5 Nh5 19. Rd2 Nf4 20. Qf3 Be6 21.
Bxe6 Nxe6 22. Bf6 Nf8 23. Rfd1 b5 24. Qe3 Re6 25. Bd8 Qb7 26. a5 Kg7 27. Bg5
Rae8 28. Bh6+ Kg8 29. Bxf8 Rxf8 30. Rd7 Qc8 31. Qxa7 c5 32. R1d5 Ra6 33. Qxc5
Qxc5 34. Rxc5 Rxa5 35. Rxe5 Ra2 36. Rxb5 Rxc2 37. Rc5 Ra8 38. e5 Ra1+ 39. Kh2
Rxf2 40. e6 fxe6 41. Rc8+ Rf8 42. Rcc7 Rf6 43. Rg7+ Kf8 44. Rxh7 Kg8 45. c4 Rc1
46. Rhg7+ Kf8 47. Rgd7 Kg8 48. c5 e5 49. c6 1-0

[Event "BL 8990 Koblenz-Sindelfingen"]
[Site "?"]
[Date "1989.??.??"]
[Round "?.3"]
[White "Rajkovic, D."]
[Black "Seul, G."]
[Result "1-0"]
[WhiteElo "2465"]
[BlackElo "2355"]
[PlyCount "109"]
[EventDate "1989.??.??"]

1. d4 Nf6 2. Nf3 e6 3. c4 Bb4+ 4. Bd2 c5 5. Bxb4 cxb4 6. g3 O-O 7. Bg2 d6 8.
Qb3 Qb6 9. a3 Nc6 10. O-O Re8 11. axb4 Qxb4 12. Qxb4 Nxb4 13. Nc3 Bd7 14. Rfc1
Rec8 15. Nd2 d5 16. Na2 Nxa2 17. Rxa2 Bc6 18. c5 Bb5 19. e3 b6 20. b4 bxc5 21.
bxc5 a5 22. Rca1 a4 23. Nb1 Rcb8 24. Nc3 Be8 25. Nxa4 Rb3 26. Bf3 g5 27. Bd1
Rb4 28. Nc3 Rxa2 29. Rxa2 Ne4 30. Nxe4 dxe4 31. Ra8 Rb1 32. Rxe8+ Kg7 33. g4
Rxd1+ 34. Kg2 Rc1 35. Ra8 Kg6 36. Rg8+ Kf6 37. h3 Rc2 38. Kf1 Rc1+ 39. Ke2 Ra1
40. Rh8 Ra2+ 41. Kd1 Ra1+ 42. Kc2 Ke7 43. Kd2 Ra2+ 44. Ke1 Ra1+ 45. Ke2 Ra2+
46. Kf1 Rc2 47. Rxh7 e5 48. Rh5 exd4 49. exd4 f6 50. Rh7+ Ke6 51. Ra7 Rc4 52.
Ra6+ Ke7 53. Rd6 Rc3 54. Ke1 Rc2 55. Rc6 1-0

[Event "BL 8990 Koblenz-Sindelfingen"]
[Site "?"]
[Date "1989.??.??"]
[Round "?.4"]
[White "Wolf, V."]
[Black "Fahnenschmidt, G."]
[Result "1/2-1/2"]
[WhiteElo "2340"]
[BlackElo "2405"]
[PlyCount "62"]
[EventDate "1989.??.??"]

1. Nf3 Nf6 2. e3 d5 3. c4 e6 4. b3 c5 5. Bb2 dxc4 6. bxc4 Be7 7. g3 b6 8. Bg2
Bb7 9. O-O O-O 10. Qe2 Nc6 11. Rd1 Qc7 12. Nc3 Rac8 13. d3 Rfe8 14. a3 Qb8 15.
Ne1 Na5 16. f4 Bxg2 17. Qxg2 Nc6 18. Nf3 Bf8 19. g4 Nd7 20. Rab1 Qc7 21. Qh3
Qd8 22. Ng5 h6 23. Nge4 Be7 24. Nb5 Rf8 25. Qg2 a6 26. Nbd6 Rc7 27. d4 cxd4 28.
exd4 Bxd6 29. Nxd6 Nf6 30. c5 Nd5 31. Qf2 Rd7 1/2-1/2

[Event "BL 8990 Koblenz-Sindelfingen"]
[Site "?"]
[Date "1989.??.??"]
[Round "?.5"]
[White "Kraut, R."]
[Black "Schulz, KJ."]
[Result "1/2-1/2"]
[WhiteElo "2380"]
[BlackElo "2350"]
[PlyCount "122"]
[EventDate "1989.??.??"]

1. c4 c5 2. Nf3 Nf6 3. e3 e6 4. d4 cxd4 5. exd4 d5 6. Nc3 Bb4 7. Bd3 dxc4 8.
Bxc4 O-O 9. O-O b6 10. Bg5 Bb7 11. Qe2 Be7 12. Rfe1 Nc6 13. Rad1 Na5 14. Bd3
Rc8 15. Ne5 Nc6 16. Nf3 Nb4 17. Bb1 g6 18. Ne5 Nbd5 19. Qd3 Nh5 20. Bxe7 Qxe7
21. Nxd5 Bxd5 22. Qd2 Rfd8 23. Rc1 Rxc1 24. Rxc1 Kg7 25. a3 Qd6 26. Qe3 Nf6 27.
Rd1 Bb7 28. Qf4 Qe7 29. Rc1 Qd6 30. Rd1 Qd5 31. f3 Qd6 32. Ba2 Bd5 33. Bb1 Bb3
34. Rd3 Ba4 35. Rd2 Qc7 36. Ba2 Qc1+ 37. Kf2 Rc8 38. Nd3 Qa1 39. b3 Bb5 40. Qe3
Rc3 41. Qe1 Qxe1+ 42. Nxe1 Nd5 43. b4 Nf4 44. g3 Nd3+ 45. Nxd3 Bxd3 46. a4 Bc4
47. Bxc4 Rxc4 48. d5 exd5 49. Rxd5 Rxb4 50. a5 Kf6 51. Rd7 bxa5 52. Rxa7 a4 53.
h4 h5 54. Ke3 Rb3+ 55. Kf4 a3 56. g4 hxg4 57. Ra6+ Kg7 58. fxg4 Rh3 59. h5 gxh5
60. gxh5 Kh7 61. Ra7 Kg7 1/2-1/2

[Event "BL 8990 Koblenz-Sindelfingen"]
[Site "?"]
[Date "1989.??.??"]
[Round "?.6"]
[White "Brueckner, T."]
[Black "Werner, Marc"]
[Result "1-0"]
[WhiteElo "2410"]
[BlackElo "2360"]
[PlyCount "99"]
[EventDate "1989.??.??"]

1. Nf3 Nf6 2. c4 e6 3. Nc3 d5 4. d4 Be7 5. Bg5 h6 6. Bh4 O-O 7. e3 b6 8. Qc2
Nbd7 9. cxd5 exd5 10. Be2 Bb7 11. O-O c5 12. Rfd1 Ne4 13. Bxe7 Qxe7 14. dxc5
Nxc3 15. Qxc3 bxc5 16. Qa3 Rfd8 17. Rac1 a6 18. Ne1 Rac8 19. Bg4 Rc7 20. Bxd7
Rdxd7 21. Nd3 c4 22. Qxe7 Rxe7 23. Nf4 Red7 24. h3 Kf8 25. Rd2 Bc6 26. b3 g5
27. Ne2 cxb3 28. axb3 Bb5 29. Rxc7 Rxc7 30. Nd4 Rc3 31. Ra2 Ke7 32. Ra5 Rc5 33.
Kh2 Kf6 34. b4 Rc4 35. Nxb5 axb5 36. Rxb5 h5 37. Kg3 Ke5 38. Rb8 h4+ 39. Kf3
Rc2 40. b5 Rb2 41. b6 Kf5 42. b7 Kf6 43. g3 Kf5 44. gxh4 gxh4 45. Rd8 Rxb7 46.
Rxd5+ Kg6 47. Kg4 Rb2 48. Rg5+ Kf6 49. Rf5+ Kg6 50. Rf4 1-0

[Event "BL 8990 Koblenz-Sindelfingen"]
[Site "?"]
[Date "1989.??.??"]
[Round "?.7"]
[White "Bialas, W."]
[Black "Doncevic, D."]
[Result "1-0"]
[WhiteElo "2370"]
[BlackElo "2335"]
[PlyCount "67"]
[EventDate "1989.??.??"]

1. g3 d5 2. Bg2 e5 3. d3 Nf6 4. c3 Be7 5. Nf3 Nbd7 6. O-O O-O 7. Qc2 Re8 8. e4
dxe4 9. dxe4 Bf8 10. Rd1 c6 11. c4 Qc7 12. h3 a5 13. Nc3 h6 14. Be3 Bc5 15. Qe2
Bxe3 16. Qxe3 Qb6 17. Qxb6 Nxb6 18. b3 Nfd7 19. Ne1 Nc5 20. Nd3 Nbd7 21. f4
Nxd3 22. Rxd3 Nc5 23. Rd6 f6 24. f5 Kf8 25. Rad1 Ra6 26. Kf2 Rb6 27. Nd5 cxd5
28. Rxb6 dxe4 29. Rd5 Nd3+ 30. Ke3 Bxf5 31. Rxa5 Nb2 32. Rd5 Ra8 33. a4 Rxa4
34. Rxb7 1-0

[Event "BL 8990 Koblenz-Sindelfingen"]
[Site "?"]
[Date "1989.??.??"]
[Round "?.8"]
[White "Schlick, V."]
[Black "Sieglen, J."]
[Result "1-0"]
[WhiteElo "2295"]
[BlackElo "2350"]
[PlyCount "78"]
[EventDate "1989.??.??"]

1. Nf3 Nf6 2. g3 g6 3. Bg2 Bg7 4. c4 d6 5. Nc3 O-O 6. d3 Nc6 7. Bd2 e5 8. Qc1
Nd4 9. Bg5 Ne6 10. Bh6 Bxh6 11. Qxh6 Ng4 12. Qd2 f5 13. h3 Nf6 14. Ng5 c6 15.
h4 Kg7 16. b3 h6 17. Nxe6+ Bxe6 18. d4 e4 19. Rc1 d5 20. Na4 b6 21. e3 Qe7 22.
Bf1 Rfd8 23. cxd5 Bxd5 24. Qc3 Qf7 25. Ba6 Rab8 26. Be2 Nd7 27. Qb2 Nf8 28. Nc3
Ne6 29. Qa3 Qd7 30. Rc2 Kh7 31. O-O Rf8 32. Nxd5 cxd5 33. Rfc1 Rbd8 34. Ba6 Kh8
35. Qa4 Qe7 36. Bc8 f4 37. exf4 Nxf4 38. gxf4 Qxh4 39. Be6 e3 {ZÜ} 1-0

[Event "BL 8990 Porz-Kirchheim"]
[Site "?"]
[Date "1989.??.??"]
[Round "?.1"]
[White "Adorjan, A."]
[Black "Hort, V."]
[Result "0-1"]
[WhiteElo "2530"]
[BlackElo "2570"]
[PlyCount "122"]
[EventDate "1989.??.??"]

1. c4 e6 2. Nc3 d5 3. d4 c6 4. e3 f5 5. f4 Qh4+ 6. g3 Qd8 7. Nf3 Nf6 8. Bd3 Be7
9. Qc2 O-O 10. b3 Bd7 11. Bb2 Be8 12. O-O Bh5 13. Rac1 Ne4 14. a3 Nd7 15. b4
Rc8 16. Na4 Nb6 17. Ne5 Bf6 18. Nxb6 axb6 19. Qg2 Nd6 20. cxd5 cxd5 21. Rxc8
Qxc8 22. Rc1 Qd8 23. b5 Bxe5 24. dxe5 Nc4 25. Bd4 Nxa3 26. Rc3 Qe7 27. Qb2 Nc4
28. Bxc4 dxc4 29. Rxc4 Qd7 30. Qg2 Qxb5 31. Rc7 Qb1+ 32. Qf1 Qxf1+ 33. Kxf1 Bf3
34. Bxb6 Ra8 35. Rc2 Be4 36. Rd2 Bd5 37. Kf2 Ra1 38. h3 h5 39. Rc2 Bc6 40. h4
Kf7 41. Bd4 Rh1 42. Rc3 Rh2+ 43. Kf1 Ra2 44. Bb6 Ke8 45. Bc7 Kd7 46. Bd6 Rb2
47. Ra3 Bb5+ 48. Kg1 Bc4 49. Ra5 Bd5 50. Kf1 g6 51. Ra4 Kc6 52. Rb4 Rc2 53. Rd4
b5 54. Bb4 Kb6 55. Rd2 Rc1+ 56. Kf2 Rb1 57. Rd4 Rb2+ 58. Ke1 Rg2 59. Rd3 Rxg3
60. Rc3 Rg1+ 61. Kf2 Rb1 0-1

[Event "BL 8990 Porz-Kirchheim"]
[Site "?"]
[Date "1989.??.??"]
[Round "?.2"]
[White "Christiansen, L."]
[Black "Graf, J."]
[Result "1-0"]
[WhiteElo "2555"]
[BlackElo "2425"]
[PlyCount "65"]
[EventDate "1989.??.??"]

1. c4 g6 2. e4 Bg7 3. d4 d6 4. Nc3 Nf6 5. f3 O-O 6. Be3 Nc6 7. Qd2 a6 8. Nge2
Rb8 9. h4 e5 10. d5 Na5 11. Ng3 c5 12. Rb1 b5 13. cxb5 axb5 14. Nxb5 Ne8 15. b4
cxb4 16. Rxb4 f5 17. Na7 Bd7 18. Bg5 Nf6 19. exf5 Rxb4 20. Qxb4 Qc7 21. Nb5
Bxb5 22. Bxb5 Nxd5 23. Qd2 Nc3 24. O-O Qb6+ 25. Kh2 Qxb5 26. Qxc3 gxf5 27. Qc7
h6 28. Nh5 Rf7 29. Qc8+ Kh7 30. Nxg7 Qxf1 31. Ne6 Qb5 32. Bf6 Qd7 33. Nf8+ 1-0

[Event "BL 8990 Porz-Kirchheim"]
[Site "?"]
[Date "1989.??.??"]
[Round "?.3"]
[White "Gschnitzer, O."]
[Black "Fleck, J."]
[Result "1/2-1/2"]
[WhiteElo "2405"]
[BlackElo "2415"]
[PlyCount "115"]
[EventDate "1989.??.??"]

1. d4 Nf6 2. Nf3 g6 3. c4 Bg7 4. Nc3 O-O 5. e4 d6 6. Be2 e5 7. Be3 h6 8. O-O
Ng4 9. Bc1 Nc6 10. d5 Ne7 11. Ne1 f5 12. Bxg4 fxg4 13. Be3 g5 14. c5 Ng6 15.
cxd6 cxd6 16. a4 Nf4 17. Nb5 a6 18. Na3 b5 19. axb5 axb5 20. Nec2 Bd7 21. Nb4
Qe8 22. Rc1 Qg6 23. Qc2 Ra4 24. Nc6 Qxe4 25. Bxf4 gxf4 26. Qxe4 Rxe4 27. Nxb5
Re2 28. b4 e4 29. Nxd6 e3 30. b5 Rb2 31. fxe3 fxe3 32. Nc4 Rxb5 33. Nxe3 Re8
34. Rfe1 h5 35. Rcd1 Bh6 36. Nc4 Rxe1+ 37. Rxe1 Kf8 38. Nd6 Rc5 39. Rf1+ Kg8
40. Ne7+ Kh8 41. Nf7+ Kh7 42. Nxh6 Kxh6 43. d6 Kg5 44. Rd1 h4 45. Rd2 Rb5 46.
Kf2 Rb3 47. g3 Rf3+ 48. Kg2 hxg3 49. hxg3 Rb3 50. Kh2 Rb1 51. Kg2 Rb3 52. Kh2
Rb1 53. Rd3 Kf6 54. Nd5+ Ke5 55. Ne7 Ke6 56. Kg2 Rb2+ 57. Kg1 Rb6 58. Ng6
1/2-1/2